| 000 | 00000cam 2200000za 4500 |
| 001 | 9.831266 |
| 003 | CaOODSP |
| 005 | 20260417115345 |
| 007 | cr ||||||||||| |
| 008 | 170125s2013 oncoa |o f|0| 0 fre d |
| 040 | |aCaOODSP|bfre |
| 043 | |an-cn--- |
| 086 | 1 |aK23-65/2013F-PDF |
| 110 | 1 |aCanada. |bConseil des arts du Canada. |
| 245 | 10|aCe que nous avons entendu |h[ressource électronique] : |brésumé des principales conclusions : consultation 2013 du bureau inter-arts du conseil des arts. |
| 260 | |aOttawa : |bConseil des Arts du Canada, |c2013. |
| 300 | |a41 p. : |bphotographies, ill. |
| 500 | |a« Octobre 2013 ». |
| 500 | |aPubli. aussi en anglais sous le titre : What we heard : summary of key findings : 2013 Canada Council's Inter-Arts Office consultation. |
| 520 | |a« Du 1er mai au 31 juillet 2013, le Bureau Inter-arts (BIA) du Conseil des arts du Canada a mené une consultation auprès de différents intervenants du secteur inter-arts en vue d’améliorer ses programmes et de faire le point sur les principaux enjeux et perspectives de ce secteur à partir des opinions exprimées »--Résumé, p. 2. |
| 692 | 07|2gccst|aArts |
| 775 | 08|tWhat we heard |w(CaOODSP)9.830541 |
| 856 | 40|qPDF|s4.39 Mo|uhttps://publications.gc.ca/collections/collection_2017/canadacouncil/K23-65-2013-fra.pdf |